000 00353nam a2200169Ia 4500
003 0100
008 130303s9999 xx 000 0 und d
040 _cARRUPELIB
050 _aJC73.E353
100 _aEhrenberg, Victor
245 4 _aThe Greek State
260 _aNY
260 _bBarnes Noble
260 _C1960
300 _a280p
942 0 0 _01
999 _c46592
_d46592